Fundamentals of Solid State Physics (Record no. 1501)

MARC details
000 -LEADER
fixed length control field 00357nam a2200145Ia 4500
008 - FIXED-LENGTH DATA ELEMENTS--GENERAL INFORMATION
fixed length control field 191201s2005 xx 000 0 und d
082 ## - DEWEY DECIMAL CLASSIFICATION NUMBER
Classification number 530
Item number SAF
100 ## - MAIN ENTRY--PERSONAL NAME
Personal name SAXENA, B S
245 #0 - TITLE STATEMENT
Title Fundamentals of Solid State Physics
250 ## - EDITION STATEMENT
Edition statement 9th
260 ## - PUBLICATION, DISTRIBUTION, ETC. (IMPRINT)
Place of publication, distribution, etc N.Delhi
Name of publisher, distributor, etc Pragati Publication Meerut
Date of publication, distribution, etc 2005
300 ## - PHYSICAL DESCRIPTION
Extent 633
650 ## - SUBJECT ADDED ENTRY--TOPICAL TERM
Topical term or geographic name as entry element Applied
942 ## - ADDED ENTRY ELEMENTS (KOHA)
Source of classification or shelving scheme Dewey Decimal Classification
Koha item type Text Books
Holdings
Withdrawn status Lost status Source of classification or shelving scheme Damaged status Not for loan Collection code Home library Current library Date acquired Source of acquisition Cost, normal purchase price Bill Number Total Checkouts Full call number Acc. no. / Barcode Date last seen Bill Date Koha item type Date last borrowed
    Dewey Decimal Classification     Applied Sc. PIET C-LIBRARY PIET C-LIBRARY 02/09/2006 M/s UBS, Delhi 235.00 125382   530 SAF 2519 04/12/2019 22/08/2005 Text Books  
    Dewey Decimal Classification     Applied Sc. PIET C-LIBRARY PIET C-LIBRARY 02/09/2006 M/s UBS, Delhi 235.00 125382 1 530 SAF 2520 25/11/2023 22/08/2005 Text Books 16/11/2023
    Dewey Decimal Classification     Applied Sc. PIET C-LIBRARY PIET C-LIBRARY 02/09/2006 M/s UBS, Delhi 235.00 125382   530 SAF 2521 04/12/2019 22/08/2005 Text Books  

Design & Developed by: PIET Central Library
R70 Miles Stone Pattikalyana Samalkha Panipat 132102
mail ID :- [email protected], Phone No:- 0180-2569700 Ex.216